000 00510cam a2200193 a 4500
001 000010567
003 DO-SdBNP
005 20250625102731.0
008 760401s1968 sp 000 0bspa d
040 _aDO-SdBNP
_bspa
_cBNPHU
082 _a923.9
_bC719Ó
100 1 _aOlmo, D. del.
_925635
245 1 0 _aColón /
_c[D. del Olmo].
260 _aBarcelona :
_bRamón Sopena,
_c1968.
300 _a170 p. ;
_c18 cm.
490 1 _aBiblioteca Sopena
830 0 _aBiblioteca Sopena
_912815
942 _2ddc
_cLBS1
999 _c10325
_d10325